| 000 | 00595nam a2200205Ia 4500 | ||
|---|---|---|---|
| 003 | GCL | ||
| 008 | 140319s9999 xx 000 0 ara d | ||
| 040 |
_aGCL / _cGCL |
||
| 082 | 0 | 4 |
_a792.9 _bل م |
| 100 | 1 | _aمحمد حامد ابو الخير | |
| 245 | 1 | 0 |
_aالممثل وجسده / _cمحمد حامد ابو الخير |
| 700 | 1 | _aالحسين على يحيى | |
| 700 | 1 | _aليتزبيسك | |
| 300 | _a105 | ||
| 490 |
_a100 قصة _v0 |
||
| 650 | 0 | 4 | _aالمسرح |
| 650 | 0 | 4 | _aالتمثيل فى المسرح |
| 650 | 0 | 4 | _aالممثلون والممثلات |
| 942 |
_2ddc _cBK |
||
| 999 |
_c46682 _d46682 |
||